000 00950nam a2200253 a 4500
005 20250905063953.0
008 060522s2004 mx r 000 0 spa d
020 _a9586825450
035 _aUPN01000144583
049 _aCG
050 4 _aHN110.5
_bF4.2
100 1 _aFerreira, Francisco H. G.
245 1 3 _aLa desigualdad en América Latina :
_b¿rompiendo con la historia? /
_cFrancisco H. G. Ferreira, Michael Walton ; con la colab. de Mark Feige ; tr. Luis Eduardo Fajardo Suárez.
260 _aBogotá :
_bBanco Mundial,
_cc2004.
300 _a64 p.
440 0 _aDesarrollo para todos ;
_v1
534 _pTraducción de:
_tInequality in Latin America breaking with history?
651 2 _aAmérica Latina
_xCondiciones sociales
_92836
651 4 _aAmérica Latina
_xCondiciones económicas
_92747
650 0 _aIgualdad
_zAmérica Latina
_94814
700 1 _aWalton, Michael,
_ecoaut.
700 1 _aFeige, Mark,
_ecolab.
905 _aLibro
999 _c116730
_d116730